000 00713nam a22002297a 4500
999 _c14903
_d14903
003 AR-CdUCM
008 190425b ||||| |||| 00| 0 spa d
020 _a978-607-735-680-6
040 _aMUNICIPALIDAD PROVINCIAL DEL CUSCO
_cBIBLIOTECA MUNICIPAL DEL CUSCO
041 _heng
082 _aPI / 740 /
_bE48
100 _aEmberley, Ed
_933871
245 _aBuenas noches, pequeño monstruo verde /
260 _aEstados Unidos :
_bOcéano,
_c2016.
300 _bIlustraciones,
_c20 cm.
500 _aNo cuenta con numeración de paginas
650 _aMonstruo verde
_933872
650 _aLiteratura infantil
_9588
650 _aPrimera infancia
_924660
942 _2ddc
_cLIBROS
945 _adavv
_d25/04/2019